Statistiques concernant Paroles - Vol à l'étalage - Les Trois Accords

Cliquez ici pour prendre le quiz!

Statistiques générales

  • Ce quiz a été pris 3 fois
  • Le résultat moyen est 217 sur 256

Statistiques - réponses

Paroles% Correct
à
100%
au
100%
autres
100%
ça
100%
caissière
100%
ce
100%
centre
100%
C'est
100%
C'était
100%
de
100%
déjà
100%
demain
100%
déraille
100%
des
100%
divers
100%
du
100%
100%
et
100%
était
100%
fera
100%
gérant
100%
Impossible
100%
100%
la
100%
Le
100%
le
100%
l'é-étalage
100%
Les
100%
l'étalage)
100%
loin
100%
marchandise
100%
Pendant
100%
plan
100%
Quand
100%
que
100%
Sa
100%
se
100%
sera
100%
superbe
100%
travail
100%
un
100%
(vol
100%
vol
100%
baladions
67%
caméras
67%
d'achat
67%
D'articles
67%
d'autre
67%
d'entre
67%
détails
67%
diversion
67%
En
67%
en
67%
faille
67%
faire
67%
idée
67%
l'inventaire
67%
l'un
67%
Mise
67%
Nous
67%
nous
67%
pantalons
67%
part
67%
posant
67%
presque
67%
produits
67%
Quelque
67%
quelques
67%
questions
67%
Rien
67%
sans
67%
sports
67%
aurait
33%
avait
33%
congé
33%
génies
33%
Il
33%
jour
33%
leurs
33%
plafond
33%
pour
33%
prenait
33%
Qu'on
33%
qu'on
33%
une
33%
y
33%
agents
0%
attendaient
0%
chose
0%
clairement
0%
créerait
0%
doute
0%
laisser
0%
ne
0%
pas
0%
rempliraient
0%
rond
0%
sortie
0%
tournait
0%
trouva
0%

Distribution des résultats

Percentile par nombre de réponses

% des personnes avec chaque résultat

Votre développement - résultats

Vous n’avez pas pris ce quiz